Estadísticas para Países del Trópico de Capricornio

Haz click aquí para intentar la prueba.

Estadísticas generales

  • Esta prueba ha sido intentada 1.971 veces
  • La puntuación promedio es 9 de 10

Estadísticas de respuestas

País% Correcto
Argentina
96%
Chile
96%
Australia
92%
Brasil
90%
Sudáfrica
88%
Namibia
80%
Paraguay
80%
Mozambique
79%
Botsuana
77%
Madagascar
77%

Distribución de puntuación

Porcentaje por número respondido

Porcentaje de gente con cada puntuación

Historial de tus puntuaciones

No has intentado esta prueba.